Statistics for Top 10 Asian Countries by Population Increase

Click here to take the quiz!

General Stats

  • This quiz has been taken 24,236 times
    (14,383 since last reset)
  • The average score is 8 of 10

Answer Stats

Pop. Growth Country % Correct
315 milIndia
99%
137 milChina
99%
58.0 milIndonesia
94%
66.1 milPakistan
92%
36.5 milBangladesh
88%
17.1 milVietnam
86%
30.1 milPhilippines
80%
16.8 milIraq
73%
19.8 milTurkey
70%
17.1 milAfghanistan
64%

Score Distribution

Percentile by Number Answered

Percent of People with Each Score

Your Score History

You have not taken this quiz since the last reset